「Nintendo Switch 2 体験会」の開催都市 - Statistics

General Stats
  • This quiz has been taken 17 times
  • The average score is 8 of 15
Answer Stats
地域 都市 % Correct
アジア 東京(幕張)
80%
北米 ニューヨーク
73%
ロサンゼルス
67%
欧州 パリ
67%
ロンドン
67%
ベルリン
67%
マドリッド
60%
ソウル
60%
トロント
53%
台北
53%
オセアニア メルボルン
47%
ミラノ
40%
香港
40%
アムステルダム
27%
ダラス
7%
No matching quizzes found
Score Distribution
Percent of People with Each Score
Percentile by Number Answered
Your Score History
You have not taken this quiz